LEADER 00885nam2-22002891i-450- 001 990000167130403321 035 $a000016713 035 $aFED01000016713 035 $a(Aleph)000016713FED01 035 $a000016713 100 $a20011111d--------km-y0itay50------ba 101 0 $aita 105 $ay-------001yy 200 1 $a1. : partie 1. : Travaux d'art. Cartesplans et profils, traces, terrassements,souterrains et viaducs en ma?nnerie :atlas. 109 tav. : ill. 210 $as.l.$cs.e.$d1868- 215 $av.$d48 cm 461 0$1001000012703$12001$aTravaux et matériel de chemins de fer 610 0 $aCostruzioni ferroviarie 676 $a625.1 700 1$aBazaine,$bPierre Dominique$08535 801 0$aIT$bUNINA$gRICA$2UNIMARC 901 $aBK 912 $a990000167130403321 952 $a13 AR 8 D 14$b7295$fFINBC 959 $aFINBC 997 $aUNINA DB $aING01 LEADER 02260nam 2200529 a 450 001 9910786211003321 005 20230803025847.0 010 $a0-8389-9488-1 035 $a(CKB)2670000000345946 035 $a(EBL)1158445 035 $a(SSID)ssj0000889883 035 $a(PQKBManifestationID)11487604 035 $a(PQKBTitleCode)TC0000889883 035 $a(PQKBWorkID)10883960 035 $a(PQKB)10073963 035 $a(OCoLC)839304467 035 $a(MiAaPQ)EBC1158445 035 $a(Au-PeEL)EBL1158445 035 $a(CaPaEBR)ebr10751727 035 $a(OCoLC)845252443 035 $a(EXLCZ)992670000000345946 100 $a20130911d2013 uy 0 101 0 $aeng 135 $aur|n|---||||| 181 $ctxt 182 $cc 183 $acr 200 10$aPicturing the world$b[electronic resource]$einformational picture books for children /$fKathleen T. Isaacs 210 $aChicago, Ill. $cAmerican Library Association$dc2013 215 $a1 online resource (218 p.) 300 $aIncludes indexes. 311 $a0-8389-1126-9 327 $aContents; Author's Note; Chapter 1: What Are Informational Picture Books?; Chapter 2: Choosing Good Informational Picture Books; Chapter 3: Ourselves and Our World at Home and School; Chapter 4: The Natural World around Us; Chapter 5: The World We Make; Chapter 6: The Things We Do; Chapter 7: The World of Faith and Festivals; Chapter 8: Our World in History; Chapter 9: Our World Today; Appendix: A List of Awards and Best-of-the-Year Book Lists Mentioned in the Annotations; Title Index; Author and Illustrator Index; Subject Index 330 $aPicturing the World is an invaluable aid to librarians and educators in their ongoing search for high quality informational children's books. 606 $aPicture books for children$zUnited States$vBibliography 606 $aPicture books for children$xEducational aspects 615 0$aPicture books for children 615 0$aPicture books for children$xEducational aspects. 676 $a011.62 700 $aIsaacs$b Kathleen T$01533587 801 0$bMiAaPQ 801 1$bMiAaPQ 801 2$bMiAaPQ 906 $aBOOK 912 $a9910786211003321 996 $aPicturing the world$93780655 997 $aUNINA